| 000 | 00372nam a2200145Ia 4500 | ||
|---|---|---|---|
| 008 | 220726s9999||||xx |||||||||||||| ||und|| | ||
| 020 | _a9788123902715 | ||
| 082 |
_a610 _bZaf/P |
||
| 100 | _aZafar, Rasheeduz & Gandhi, Neerja | ||
| 245 | 0 | _aZafar-Practical Pharmacognosy | |
| 250 | _aReprint | ||
| 260 |
_aNew Delhi _bCBS Publishers _c2019 |
||
| 300 | _a139 | ||
| 942 | _cPB | ||
| 999 |
_c36624 _d36624 |
||